| 000 | 00897nas a2200301 4500 | ||
|---|---|---|---|
| 001 | BR2014007659 | ||
| 003 | BR-BrBNA | ||
| 005 | 20231205124806.0 | ||
| 007 | ta | ||
| 008 | 230509b bl.|||p| |||| 00| 00por d | ||
| 040 |
_aBR-BrBNA _bpor _cBiblioteca Nacional de Agricultura |
||
| 041 | _a(Pt) | ||
| 072 | _aK50 | ||
| 100 | 1 | _aGuimarães, P.P. | |
| 100 | 1 | _aFiedler, N.C. | |
| 100 | 1 | _aCarmo, F.C. de A. do | |
| 100 | 1 | _aOliveira, J.T. da S. | |
| 100 | 1 | _aMinette, L.J. | |
| 100 | 1 | _aMaziero, R. | |
| 245 | 1 | _aAdequação do layout de uma fábrica de ferramentas florestais baseado em parâmetros ergonômicos | |
| 650 | _aFLORESTA | ||
| 650 | _aERGONOMIA | ||
| 650 | _aPRODUÇÃO | ||
| 650 | _aFERRAMENTA | ||
| 773 | 0 |
_tFloresta (Brazil) _xISSN 0015-3826 _g(Oct-Dec 2013), v. 43(4) p. 515-524 _wBR2014007659 |
|
| 909 |
_a202311 _bLúcia _c55 _dLúcia Elande |
||
| 942 |
_2AGRIS _n0 _cANA |
||
| 999 |
_c240922 _d240922 |
||